Estados financieros al 31 de julio de 1968
Збережено в:
| Співавтор: | |
|---|---|
| Формат: | Текст |
| Опубліковано: |
San José :
|
| Предмети: | |
| Теги: |
Додати тег
Немає тегів, Будьте першим, хто поставить тег для цього запису!
|
MARC
| LEADER | 00000 a a2200000 04500 | ||
|---|---|---|---|
| 001 | 15961 | ||
| 003 | |||
| 040 | |a CRAI/IIS |c CRAI/IIS | ||
| 090 | |a 019700 | ||
| 110 | |a Consejo Nacional de Producción | ||
| 245 | |a Estados financieros al 31 de julio de 1968 | ||
| 260 | |a San José : | ||
| 300 | |a 4 p | ||
| 650 | |a CONSEJO NACIONAL DE PRODUCCION, CR | ||
| 650 | |a ESTADOS FINANCIEROS | ||
| 999 | |c 17782 |d 17782 | ||
